|
|
|
|
| LEADER |
00665nam a2200205Ia 4500 |
| 001 |
CTU_122483 |
| 008 |
210402s9999 xx 000 0 und d |
| 082 |
|
|
|a 631.4
|
| 082 |
|
|
|b W927
|
| 110 |
|
|
|a World soil resources reports
|
| 245 |
|
0 |
|a World soil resources :
|
| 245 |
|
3 |
|b An explanatory note on the FAO world soil resources map at 1:25,000,000 scale
|
| 245 |
|
0 |
|c World soil resources reports
|
| 260 |
|
|
|a Rome
|
| 260 |
|
|
|b Food and Agriculture Organization of the United Nations
|
| 260 |
|
|
|c 1991
|
| 650 |
|
|
|a Soils,Soil geography,Soils,World maps
|
| 650 |
|
|
|x Maps
|
| 904 |
|
|
|i Hiếu
|
| 980 |
|
|
|a Trung tâm Học liệu Trường Đại học Cần Thơ
|